[Event "4. Open Stadium Casablanca"]
[Site "Zaragoza ESP"]
[Date "2010.12.23"]
[Round "1.1"]
[White "Delchev, Aleksander"]
[Black "Lafarga Bueno, Daniel"]
[Result "1-0"]
[WhiteElo "2621"]
[BlackElo "1889"]
[PlyCount "91"]
[EventDate "2010.12.23"]
[EventRounds "9"]
[EventCountry "ESP"]
[Source "lmi"]
[SourceDate "2010.12.23"]

1. e4 e5 2. Nf3 Nc6 3. Nc3 Nf6 4. Bb5 d6 5. d4 exd4 6. Nxd4 Bd7 7. Bxc6 Bxc6 8.
Qf3 Qd7 9. Bg5 Be7 10. Nf5 O-O 11. O-O-O Rfe8 12. Rhe1 b5 13. Re3 b4 14. Nxe7+
Qxe7 15. Nd5 Bxd5 16. exd5 Qd8 17. Rxe8+ Qxe8 18. Bxf6 gxf6 19. Qxf6 Qe4 20.
Qg5+ Kf8 21. f3 Qe2 22. Qd2 Re8 23. b3 a5 24. Qxe2 Rxe2 25. Rd2 Re1+ 26. Kb2
Re3 27. a3 Ke7 28. axb4 axb4 29. h4 Kf6 30. Rd4 Re2 31. Rf4+ Ke7 32. g4 Re5 33.
Rxb4 Rxd5 34. Kc3 Rd1 35. Re4+ Kd7 36. Rf4 Ke6 37. g5 Rd5 38. Rf6+ Ke7 39. Rh6
Rf5 40. Rxh7 Rxf3+ 41. Kd4 Ke6 42. h5 Rg3 43. Rg7 Rh3 44. h6 c5+ 45. Kc4 f5 46.
h7 1-0

[Event "4. Open Stadium Casablanca"]
[Site "Zaragoza ESP"]
[Date "2010.12.23"]
[Round "1.2"]
[White "Navarro Sancho, Rafael"]
[Black "Corrales Jimenez, Fidel"]
[Result "0-1"]
[WhiteElo "1873"]
[BlackElo "2597"]
[PlyCount "72"]
[EventDate "2010.12.23"]
[EventRounds "9"]
[EventCountry "ESP"]
[Source "lmi"]
[SourceDate "2010.12.23"]

1. e4 g6 2. d4 Bg7 3. Nf3 d6 4. Nc3 a6 5. Be3 b5 6. a3 Bb7 7. Bd3 Nd7 8. Qd2 c5
9. O-O h6 10. Rad1 cxd4 11. Nxd4 Ngf6 12. f3 O-O 13. Nde2 Kh7 14. Ng3 Rc8 15.
Kh1 Ne5 16. Qf2 Nc4 17. Bxc4 Rxc4 18. Rd4 Qc7 19. Rfd1 Rc8 20. Nge2 Rc6 21.
R4d2 Qb8 22. Nd4 Rc4 23. Nb3 Ba8 24. Ba7 Qc7 25. Bb6 Qd7 26. Na5 b4 27. axb4
Rxb4 28. Nb3 Qe6 29. Bd4 g5 30. Nd5 Bxd5 31. exd5 Qf5 32. Bc3 Rf4 33. Qe2 g4
34. Nd4 gxf3 35. Nxf3 Ne4 36. Rd3 Bxc3 0-1

[Event "4. Open Stadium Casablanca"]
[Site "Zaragoza ESP"]
[Date "2010.12.23"]
[Round "1.3"]
[White "Korneev, Oleg"]
[Black "Ruiz Gutierrez, Jose Manuel"]
[Result "1-0"]
[WhiteElo "2582"]
[BlackElo "1862"]
[PlyCount "41"]
[EventDate "2010.12.23"]
[EventRounds "9"]
[EventCountry "ESP"]
[Source "lmi"]
[SourceDate "2010.12.23"]

1. e4 c5 2. Nf3 e6 3. d4 cxd4 4. Nxd4 a6 5. Bd3 Qc7 6. O-O Nc6 7. Nxc6 dxc6 8.
Nd2 e5 9. Nc4 Bc5 10. Qh5 Bd6 11. f4 exf4 12. e5 Bc5+ 13. Kh1 Be6 14. Bxf4
O-O-O 15. Nd6+ Rxd6 16. exd6 Bxd6 17. Bxd6 Qxd6 18. Bf5 Nf6 19. Qg5 Bxf5 20.
Qxf5+ Qe6 21. Qg5 1-0

[Event "4. Open Stadium Casablanca"]
[Site "Zaragoza ESP"]
[Date "2010.12.23"]
[Round "1.4"]
[White "Gaspar Calvo, Luis Alberto"]
[Black "Kogan, Artur"]
[Result "1/2-1/2"]
[WhiteElo "1862"]
[BlackElo "2535"]
[PlyCount "75"]
[EventDate "2010.12.23"]
[EventRounds "9"]
[EventCountry "ESP"]
[Source "lmi"]
[SourceDate "2010.12.23"]

1. e4 c5 2. Nf3 Nc6 3. d4 cxd4 4. Nxd4 e5 5. Nb5 d6 6. c4 Be7 7. N1c3 a6 8. Na3
Be6 9. Nc2 Bg5 10. Bxg5 Qxg5 11. Nd5 Rc8 12. g3 h5 13. h4 Qg6 14. Bg2 Nf6 15.
Nxf6+ Qxf6 16. b3 Ke7 17. Qd3 Qh6 18. Rd1 Rhd8 19. O-O f6 20. f4 Rd7 21. Ne3
Nd4 22. Nd5+ Bxd5 23. exd5 Re8 24. fxe5 fxe5 25. Bh3 Rc7 26. Qe4 Kd8 27. Rf2 g5
28. Rdf1 Qh7 29. Qxh7 Rxh7 30. hxg5 e4 31. Rf7 Rxf7 32. Rxf7 Nf3+ 33. Kg2 Nxg5
34. Rd7+ Kc8 35. Re7+ Kd8 36. Rd7+ Kc8 37. Re7+ Kd8 38. Rd7+ 1/2-1/2

[Event "4. Open Stadium Casablanca"]
[Site "Zaragoza ESP"]
[Date "2010.12.23"]
[Round "1.6"]
[White "Nedov, Octavian"]
[Black "Paunovic, Dragan"]
[Result "0-1"]
[WhiteElo "1856"]
[BlackElo "2526"]
[PlyCount "54"]
[EventDate "2010.12.23"]
[EventRounds "9"]
[EventCountry "ESP"]
[Source "lmi"]
[SourceDate "2010.12.23"]

1. e4 c5 2. Nf3 a6 3. d3 Nc6 4. Nbd2 g6 5. g3 Bg7 6. Bg2 d6 7. c3 e5 8. O-O
Nge7 9. Re1 O-O 10. Nf1 h6 11. Ne3 Be6 12. Nc2 d5 13. exd5 Nxd5 14. d4 exd4 15.
cxd4 Qb6 16. dxc5 Qxc5 17. Be3 Nxe3 18. Nxe3 Rfd8 19. Qe2 Nb4 20. Rec1 Qb5 21.
Qxb5 axb5 22. Rc5 Ra5 23. Rc7 b6 24. Rb7 Rd6 25. Rb8+ Kh7 26. Rd1 Rxd1+ 27.
Nxd1 Rxa2 0-1

[Event "4. Open Stadium Casablanca"]
[Site "Zaragoza ESP"]
[Date "2010.12.23"]
[Round "1.7"]
[White "Franco Ocampos, Zenon"]
[Black "Escofet Llongueras, Joan"]
[Result "1-0"]
[WhiteElo "2517"]
[BlackElo "1837"]
[PlyCount "57"]
[EventDate "2010.12.23"]
[EventRounds "9"]
[EventCountry "ESP"]
[Source "lmi"]
[SourceDate "2010.12.23"]

1. c4 c5 2. Nf3 Nf6 3. Nc3 g6 4. d4 cxd4 5. Nxd4 Bg7 6. g3 Nc6 7. Bg2 O-O 8.
O-O Qb6 9. Nb3 d6 10. Be3 Qd8 11. c5 d5 12. Qd2 e6 13. Bh6 Na5 14. Bxg7 Nxb3
15. axb3 Kxg7 16. b4 Bd7 17. Rfc1 b6 18. e4 bxc5 19. bxc5 Bc6 20. exd5 Nxd5 21.
Nxd5 Bxd5 22. Bxd5 exd5 23. b4 Re8 24. Ra6 Qd7 25. Rd6 Qb5 26. Rxd5 Rab8 27.
Rd4 a5 28. Qc3 axb4 29. Rxb4+ 1-0

[Event "4. Open Stadium Casablanca"]
[Site "Zaragoza ESP"]
[Date "2010.12.23"]
[Round "1.8"]
[White "Gregorio Cabello, Alberto"]
[Black "Adla, Diego"]
[Result "0-1"]
[WhiteElo "1837"]
[BlackElo "2511"]
[PlyCount "56"]
[EventDate "2010.12.23"]
[EventRounds "9"]
[EventCountry "ESP"]
[Source "lmi"]
[SourceDate "2010.12.23"]

1. e4 c5 2. Nf3 d6 3. Nc3 a6 4. a4 Nc6 5. d4 cxd4 6. Nxd4 g6 7. Be3 Bg7 8. Qd2
Nf6 9. Be2 O-O 10. O-O Bd7 11. Nb3 Rc8 12. Bh6 Bxh6 13. Qxh6 Na5 14. Nd2 Qb6
15. e5 dxe5 16. Nde4 Nxe4 17. Nxe4 f6 18. Bd3 Rf7 19. b3 Be6 20. h4 Nc6 21. h5
Rg7 22. Ng3 Nb4 23. hxg6 Nxd3 24. gxh7+ Kh8 25. cxd3 Rxg3 26. Rac1 Rd8 27. a5
Qd4 28. Rc7 Bd5 0-1

[Event "4. Open Stadium Casablanca"]
[Site "Zaragoza ESP"]
[Date "2010.12.23"]
[Round "1.9"]
[White "Cifuentes Parada, Roberto"]
[Black "Pellicer Sancho, Rafael Jose"]
[Result "1-0"]
[WhiteElo "2508"]
[BlackElo "1814"]
[PlyCount "103"]
[EventDate "2010.12.23"]
[EventRounds "9"]
[EventCountry "ESP"]
[Source "lmi"]
[SourceDate "2010.12.23"]

1. d4 Nf6 2. Nf3 d5 3. c4 e6 4. e3 c5 5. cxd5 exd5 6. Nc3 Nc6 7. Bb5 a6 8.
Bxc6+ bxc6 9. O-O c4 10. b3 cxb3 11. Qxb3 Bd6 12. Ba3 O-O 13. Ne5 Qc7 14. Bxd6
Qxd6 15. Rfc1 Nd7 16. Nxd7 Bxd7 17. Na4 Rab8 18. Qc2 g6 19. Qc5 Qc7 20. Nc3 Qb6
21. Qxb6 Rxb6 22. Rab1 Rfb8 23. Rxb6 Rxb6 24. Rb1 Rxb1+ 25. Nxb1 Bf5 26. Nc3
Bd3 27. h4 h5 28. f3 Bc4 29. a3 f5 30. Kf2 Kf7 31. Kg3 Bf1 32. Na4 Kf6 33. Nc5
g5 34. hxg5+ Kxg5 35. Ne6+ Kf6 36. Nd8 Bb5 37. Kh4 Ke7 38. Nb7 Bf1 39. g3 Be2
40. Kxh5 Bxf3+ 41. Kg5 Bg4 42. a4 a5 43. Nxa5 Kd6 44. Nb7+ Kc7 45. Nc5 Kb6 46.
Nd7+ Kb7 47. Ne5 Bh3 48. a5 Kc7 49. a6 Kb6 50. a7 Kxa7 51. Nxc6+ Kb7 52. Ne7
1-0

[Event "4. Open Stadium Casablanca"]
[Site "Zaragoza ESP"]
[Date "2010.12.23"]
[Round "1.10"]
[White "Mancho Fondevila, Jorge"]
[Black "Garza Marco, Sergio"]
[Result "0-1"]
[WhiteElo "1813"]
[BlackElo "2442"]
[PlyCount "42"]
[EventDate "2010.12.23"]
[EventRounds "9"]
[EventCountry "ESP"]
[Source "lmi"]
[SourceDate "2010.12.23"]

1. d4 e6 2. e4 d5 3. exd5 exd5 4. Bd3 Bd6 5. Qf3 Nf6 6. h3 O-O 7. Ne2 Nc6 8. c3
Ne4 9. O-O f5 10. Nf4 Ne7 11. Qd1 c6 12. Ne2 Ng6 13. b3 f4 14. Nd2 Nxd2 15.
Bxd2 f3 16. Ng3 fxg2 17. Kxg2 Qh4 18. Rh1 Rxf2+ 19. Kxf2 Qxg3+ 20. Ke2 Qg2+ 21.
Ke3 Bf4# 0-1

[Event "4. Open Stadium Casablanca"]
[Site "Zaragoza ESP"]
[Date "2010.12.24"]
[Round "2.1"]
[White "Gil Rodriguez, Jose Francisco"]
[Black "Delchev, Aleksander"]
[Result "0-1"]
[WhiteElo "2112"]
[BlackElo "2621"]
[PlyCount "84"]
[EventDate "2010.12.23"]
[EventRounds "9"]
[EventCountry "ESP"]
[Source "lmi"]
[SourceDate "2010.12.23"]

1. d4 Nf6 2. Nf3 g6 3. c4 Bg7 4. Nc3 d5 5. e3 O-O 6. Bd2 e6 7. Rc1 b6 8. Be2
Bb7 9. O-O Qe7 10. a3 Nbd7 11. cxd5 exd5 12. b4 Rfc8 13. Qb3 Bf8 14. Rc2 c6 15.
Na4 Ne4 16. Bc1 Nd6 17. Bb2 Nc4 18. Rfc1 a5 19. Ne5 b5 20. Nc5 Nxc5 21. bxc5
Nxe5 22. dxe5 Bg7 23. f4 Rcb8 24. Bf3 Bc8 25. Bd4 b4 26. axb4 Rxb4 27. Qa3 f6
28. Rb2 Rab8 29. Rcb1 fxe5 30. Bxe5 Bxe5 31. fxe5 Qxe5 32. Rxb4 axb4 33. Qb3
Bf5 34. Rd1 Qc3 35. Bxd5+ cxd5 36. Qxd5+ Kh8 37. e4 Qe3+ 38. Kh1 Qxe4 39. Qd6
Re8 40. Qf6+ Kg8 41. Rf1 Qe5 42. Qb6 Rb8 0-1

[Event "4. Open Stadium Casablanca"]
[Site "Zaragoza ESP"]
[Date "2010.12.24"]
[Round "2.3"]
[White "Juberias Segura, Santiago"]
[Black "Korneev, Oleg"]
[Result "0-1"]
[WhiteElo "2085"]
[BlackElo "2582"]
[PlyCount "86"]
[EventDate "2010.12.23"]
[EventRounds "9"]
[EventCountry "ESP"]
[Source "lmi"]
[SourceDate "2010.12.23"]

1. c4 e5 2. g3 Nf6 3. Bg2 Nc6 4. Nc3 Bc5 5. a3 a6 6. e3 O-O 7. Nge2 d6 8. Nd5
Ba7 9. b4 Bf5 10. d3 Nxd5 11. cxd5 Ne7 12. Bb2 Qd7 13. O-O Bh3 14. Qb3 Ng6 15.
Rac1 Bxg2 16. Kxg2 f5 17. d4 f4 18. f3 fxg3 19. hxg3 e4 20. f4 Qg4 21. Kf2 Bb6
22. Ke1 Ne7 23. Kd2 a5 24. Rg1 a4 25. Qc4 Nf5 26. Nc3 Nxg3 27. Rg2 Qf3 28. Rcg1
Nf5 29. Qe2 g6 30. Qxf3 exf3 31. Rf2 Nxd4 32. exd4 Bxd4 33. Rgf1 Bxf2 34. Rxf2
Rxf4 35. Ne2 Rf5 36. Nc3 Re8 37. Bc1 g5 38. Kd3 g4 39. Ne4 Rxd5+ 40. Kc4 Rd1
41. Nf6+ Kf7 42. Bg5 Re2 43. Nxg4 Re4+ 0-1

[Event "4. Open Stadium Casablanca"]
[Site "Zaragoza ESP"]
[Date "2010.12.24"]
[Round "2.4"]
[White "Gil Capape, Marco Antonio"]
[Black "Oms Pallisse, Josep"]
[Result "0-1"]
[WhiteElo "2061"]
[BlackElo "2528"]
[PlyCount "46"]
[EventDate "2010.12.23"]
[EventRounds "9"]
[EventCountry "ESP"]
[Source "lmi"]
[SourceDate "2010.12.23"]

1. e4 e5 2. f4 exf4 3. Bc4 Nf6 4. e5 d5 5. Bb5+ c6 6. exf6 cxb5 7. Qe2+ Be6 8.
Qxb5+ Nc6 9. fxg7 Bxg7 10. Nf3 O-O 11. c3 d4 12. d3 dxc3 13. bxc3 a6 14. Qg5
Qxd3 15. Bxf4 Rfe8 16. Kf2 Bd5 17. Nbd2 Re2+ 18. Kg3 Re6 19. Qh5 Rg6+ 20. Kf2
Bxc3 21. Rae1 Bxd2 22. Rd1 Bxf3 23. Qxg6+ Qxg6 0-1

[Event "4. Open Stadium Casablanca"]
[Site "Zaragoza ESP"]
[Date "2010.12.24"]
[Round "2.5"]
[White "Paunovic, Dragan"]
[Black "Valiente Roy, Jose Javier"]
[Result "1-0"]
[WhiteElo "2526"]
[BlackElo "2092"]
[PlyCount "77"]
[EventDate "2010.12.23"]
[EventRounds "9"]
[EventCountry "ESP"]
[Source "lmi"]
[SourceDate "2010.12.23"]

1. Nf3 Nf6 2. c4 e6 3. g3 d5 4. Bg2 dxc4 5. Qa4+ c6 6. Qxc4 b5 7. Qc2 Bb7 8.
O-O Nbd7 9. b3 Rc8 10. Bb2 Be7 11. d3 O-O 12. Nbd2 a6 13. Rac1 c5 14. Qb1 Qc7
15. Qa1 Rfd8 16. Rc2 Qb8 17. Ne5 Bxg2 18. Kxg2 Nxe5 19. Bxe5 Qb7+ 20. Kg1 h5
21. Nf3 Rxd3 22. exd3 Qxf3 23. Bxf6 Bxf6 24. Qd1 Qd5 25. Qe2 Bd4 26. Qe4 Qxe4
27. dxe4 b4 28. Rd1 e5 29. Kf1 Kf8 30. f4 f6 31. fxe5 fxe5 32. Ke2 a5 33. Kd3
a4 34. Kc4 a3 35. Rf1+ Ke7 36. Rf5 g6 37. Rf3 Rf8 38. Rxf8 Kxf8 39. Kd5 1-0

[Event "4. Open Stadium Casablanca"]
[Site "Zaragoza ESP"]
[Date "2010.12.24"]
[Round "2.6"]
[White "Iagar, Razvan-Gabriel"]
[Black "Franco Ocampos, Zenon"]
[Result "0-1"]
[WhiteElo "2054"]
[BlackElo "2517"]
[PlyCount "78"]
[EventDate "2010.12.23"]
[EventRounds "9"]
[EventCountry "ESP"]
[Source "lmi"]
[SourceDate "2010.12.23"]

1. d4 Nf6 2. c4 e6 3. Nf3 c5 4. g3 cxd4 5. Nxd4 a6 6. Bg2 Qc7 7. b3 Bb4+ 8. Bd2
Be7 9. O-O O-O 10. Nc3 Nc6 11. Nxc6 bxc6 12. Qc2 Bb7 13. e4 d6 14. Rad1 c5 15.
Rfe1 Nd7 16. f4 Nb8 17. e5 dxe5 18. Bxb7 Qxb7 19. fxe5 Nc6 20. Qe4 Rad8 21. Be3
Qc7 22. Rxd8 Rxd8 23. Na4 h6 24. Re2 Nd4 25. Rf2 Bg5 26. Bxg5 hxg5 27. Kg2 Nf5
28. Re2 g6 29. Nb2 Kg7 30. Na4 Qa5 31. Kh3 Rd4 32. Qb1 Ne3 33. g4 Nxg4 34. Qg1
Qc7 35. Qg3 Rf4 36. Qg1 Qb7 37. Qg2 Qb8 38. Qg1 Qa8 39. Qxc5 Qh8+ 0-1

[Event "4. Open Stadium Casablanca"]
[Site "Zaragoza ESP"]
[Date "2010.12.24"]
[Round "2.8"]
[White "Arregui Untoria, Carlos"]
[Black "Cifuentes Parada, Roberto"]
[Result "0-1"]
[WhiteElo "2038"]
[BlackElo "2508"]
[PlyCount "36"]
[EventDate "2010.12.23"]
[EventRounds "9"]
[EventCountry "ESP"]
[Source "lmi"]
[SourceDate "2010.12.23"]

1. d4 d5 2. c4 c6 3. cxd5 cxd5 4. Nc3 Nf6 5. Bf4 Nc6 6. Nf3 Ne4 7. e3 Nxc3 8.
bxc3 e6 9. c4 Bb4+ 10. Nd2 O-O 11. Bd3 Qa5 12. Qc2 dxc4 13. Bxc4 Bd7 14. a3
Rac8 15. Ra2 Be7 16. Qb3 b5 17. Be2 e5 18. Bxe5 Nxe5 0-1

[Event "4. Open Stadium Casablanca"]
[Site "Zaragoza ESP"]
[Date "2010.12.24"]
[Round "2.9"]
[White "Garza Marco, Sergio"]
[Black "Castell Cantero, Salvador"]
[Result "1-0"]
[WhiteElo "2442"]
[BlackElo "2055"]
[PlyCount "97"]
[EventDate "2010.12.23"]
[EventRounds "9"]
[EventCountry "ESP"]
[Source "lmi"]
[SourceDate "2010.12.23"]

1. d4 Nf6 2. Nf3 g6 3. c4 Bg7 4. Nc3 O-O 5. Bg5 h6 6. Bh4 d6 7. e3 Nc6 8. d5
Nb8 9. Be2 e5 10. Nd2 c6 11. O-O Qc7 12. e4 Ne8 13. dxc6 bxc6 14. c5 Be6 15.
cxd6 Nxd6 16. Rc1 g5 17. Bg3 Qe7 18. Qa4 Rc8 19. Nd1 Qb7 20. Nb3 Bxb3 21. axb3
a6 22. Ne3 Nd7 23. Bg4 Nb5 24. Nc4 Rd8 25. Na5 Qb6 26. Nxc6 Nc5 27. Rxc5 Qxc5
28. Nxd8 Rxd8 29. Qxa6 Nd4 30. Qc4 Qb6 31. Bh5 Qb7 32. b4 Rb8 33. h3 Qe7 34.
Ra1 Bf8 35. Ra4 Kg7 36. f3 Rb7 37. Kh2 f6 38. Be1 Rc7 39. Qa2 Qe6 40. Qxe6 Nxe6
41. Bg4 Nf4 42. Bc3 Ne2 43. Ra3 Rb7 44. Be6 Bd6 45. Bd5 Rc7 46. Ra6 Be7 47. Bc6
Nd4 48. b5 Bd6 49. Kg1 1-0

[Event "4. Open Stadium Casablanca"]
[Site "Zaragoza ESP"]
[Date "2010.12.24"]
[Round "2.10"]
[White "Colom Sienes, Eduardo"]
[Black "Antoli Royo, Joaquin Miguel"]
[Result "0-1"]
[WhiteElo "2027"]
[BlackElo "2439"]
[PlyCount "56"]
[EventDate "2010.12.23"]
[EventRounds "9"]
[EventCountry "ESP"]
[Source "lmi"]
[SourceDate "2010.12.23"]

1. e4 c5 2. Nf3 Nc6 3. d4 cxd4 4. Nxd4 Qc7 5. Nc3 e6 6. Be2 a6 7. O-O b5 8. Be3
Bb7 9. f4 Rc8 10. a3 Na5 11. f5 Nf6 12. fxe6 dxe6 13. Bh5 Nc4 14. Nxe6 Qe5 15.
Bxf7+ Kxf7 16. Qd7+ Be7 17. Ng5+ Kg6 18. Qxb7 Nxe3 19. Nf3 Qc5 20. e5 Nxf1+ 21.
Kh1 Rc7 22. Qxa6 Rc6 23. Qb7 Rc7 24. Qa6 Ne3 25. exf6 Bxf6 26. Nxb5 Rc6 27. Qa4
Qxc2 28. Qf4 Qxg2# 0-1

[Event "4. Open Stadium Casablanca"]
[Site "Zaragoza ESP"]
[Date "2010.12.26"]
[Round "3.1"]
[White "Delchev, Aleksander"]
[Black "Guramishvili, Sopiko"]
[Result "1-0"]
[WhiteElo "2621"]
[BlackElo "2319"]
[PlyCount "63"]
[EventDate "2010.12.23"]
[EventRounds "9"]
[EventCountry "ESP"]
[Source "lmi"]
[SourceDate "2010.12.23"]

1. d4 d5 2. c4 c6 3. Nc3 dxc4 4. e3 b5 5. a4 b4 6. Ne4 Qd5 7. Ng3 Nf6 8. Be2 e6
9. e4 Qa5 10. Bxc4 Ba6 11. Bxa6 Nxa6 12. Nf3 Be7 13. O-O O-O 14. Ne5 Rac8 15.
Bf4 Qb6 16. Nc4 Qb7 17. Bd6 Rfd8 18. e5 Ne8 19. Ne4 c5 20. Qf3 Kf8 21. Na5 Qd5
22. dxc5 Bxd6 23. Nxd6 Qxf3 24. gxf3 Nxd6 25. cxd6 Nc5 26. Rfd1 Nd7 27. f4 Rc2
28. Rac1 Rdc8 29. Rxc2 Rxc2 30. Rd4 Rxb2 31. Rc4 Nb6 32. Rc8+ 1-0

[Event "4. Open Stadium Casablanca"]
[Site "Zaragoza ESP"]
[Date "2010.12.26"]
[Round "3.2"]
[White "Korneev, Oleg"]
[Black "Lopez Gracia, Fernando"]
[Result "1-0"]
[WhiteElo "2582"]
[BlackElo "2319"]
[PlyCount "69"]
[EventDate "2010.12.23"]
[EventRounds "9"]
[EventCountry "ESP"]
[Source "lmi"]
[SourceDate "2010.12.23"]

1. e4 c6 2. d4 d5 3. Nc3 dxe4 4. Nxe4 Bf5 5. Ng3 Bg6 6. h4 h6 7. Nf3 Nd7 8. h5
Bh7 9. Bd3 Bxd3 10. Qxd3 e6 11. Bf4 Qa5+ 12. Bd2 Bb4 13. Ne4 Ngf6 14. Nd6+ Ke7
15. Nc4 Bxd2+ 16. Nfxd2 Qc7 17. Ne4 Nxe4 18. Qxe4 Rhd8 19. O-O-O Nf6 20. Qe3
Rd5 21. Ne5 Rad8 22. Qg3 Ne8 23. Qh4+ Nf6 24. Qg3 Ne8 25. Qh4+ Nf6 26. c4 R5d6
27. Qg3 Ne8 28. Qe3 Nf6 29. Qg3 Ne8 30. Qe3 Nf6 31. g4 b6 32. g5 hxg5 33. Qxg5
Rxd4 34. Rxd4 Rxd4 35. h6 1-0

[Event "4. Open Stadium Casablanca"]
[Site "Zaragoza ESP"]
[Date "2010.12.26"]
[Round "3.3"]
[White "Oms Pallisse, Josep"]
[Black "Chueca Forcen, Alberto"]
[Result "1-0"]
[WhiteElo "2528"]
[BlackElo "2304"]
[PlyCount "69"]
[EventDate "2010.12.23"]
[EventRounds "9"]
[EventCountry "ESP"]
[Source "lmi"]
[SourceDate "2010.12.23"]

1. c4 b6 2. Nc3 c5 3. Nf3 Bb7 4. e3 Nf6 5. d4 cxd4 6. exd4 g6 7. Be2 Bg7 8. O-O
O-O 9. d5 d6 10. Re1 Nbd7 11. Bg5 h6 12. Bh4 Rc8 13. Rc1 Re8 14. Bf1 a6 15. Qd2
Kh7 16. h3 Nh5 17. Nd4 Be5 18. Rc2 Nf8 19. Nf3 Bg7 20. Ne4 g5 21. Bg3 Ng6 22.
Bh2 Qd7 23. Qd1 Nhf4 24. g3 Nxd5 25. cxd5 Rxc2 26. Qxc2 Bxd5 27. Bxa6 f5 28.
Nexg5+ hxg5 29. Nxg5+ Kh6 30. a4 Ba8 31. h4 Ne5 32. g4 Nxg4 33. Re6+ Nf6 34.
Qxf5 Bh8 35. Qh7# 1-0

[Event "4. Open Stadium Casablanca"]
[Site "Zaragoza ESP"]
[Date "2010.12.26"]
[Round "3.4"]
[White "Calzetta Ruiz, Monica"]
[Black "Paunovic, Dragan"]
[Result "0-1"]
[WhiteElo "2284"]
[BlackElo "2526"]
[PlyCount "78"]
[EventDate "2010.12.23"]
[EventRounds "9"]
[EventCountry "ESP"]
[Source "lmi"]
[SourceDate "2010.12.23"]

1. e4 c5 2. Nf3 e6 3. d4 cxd4 4. Nxd4 a6 5. Nc3 Qc7 6. Bd3 Nf6 7. f4 Bb4 8. O-O
d6 9. Qf3 Nbd7 10. Qg3 O-O 11. Nf3 Bxc3 12. bxc3 Nc5 13. e5 Nfe4 14. Qe1 f5 15.
exd6 Qxd6 16. Ba3 b6 17. Bxe4 fxe4 18. Rd1 Qc7 19. Ng5 Bb7 20. Qe3 Bd5 21. Rd4
h6 22. Nxe4 Bxa2 23. c4 e5 24. fxe5 Rxf1+ 25. Kxf1 Qxe5 26. Bb2 Rf8+ 27. Kg1
Bxc4 28. Rxc4 Qxb2 29. h3 Qa1+ 30. Kh2 Qe5+ 31. Qg3 Qxg3+ 32. Nxg3 a5 33. Ne2
a4 34. Nc3 a3 35. Rb4 Rf2 36. Rxb6 Rxc2 37. Rb8+ Kh7 38. Nd5 a2 39. Ra8 Nb3 0-1

[Event "4. Open Stadium Casablanca"]
[Site "Zaragoza ESP"]
[Date "2010.12.26"]
[Round "3.5"]
[White "Franco Ocampos, Zenon"]
[Black "Romon Poves, Raul"]
[Result "1-0"]
[WhiteElo "2517"]
[BlackElo "2283"]
[PlyCount "57"]
[EventDate "2010.12.23"]
[EventRounds "9"]
[EventCountry "ESP"]
[Source "lmi"]
[SourceDate "2010.12.23"]

1. c4 Nf6 2. Nc3 g6 3. e4 d6 4. d4 Bg7 5. Be2 O-O 6. Nf3 e5 7. d5 a5 8. Bg5 h6
9. Bh4 Na6 10. Nd2 Qe8 11. O-O Nh7 12. Kh1 f5 13. exf5 gxf5 14. Bh5 Qd7 15. f4
e4 16. g4 e3 17. Nf3 fxg4 18. Nd4 Nc5 19. f5 Bxd4 20. Qxd4 Rxf5 21. Bxg4 Rxf1+
22. Rxf1 Qg7 23. Rg1 Ng5 24. Qxe3 Bxg4 25. Rxg4 Kh7 26. Bxg5 Rg8 27. Ne4 Nxe4
28. Qxe4+ Kh8 29. Be3 1-0

[Event "4. Open Stadium Casablanca"]
[Site "Zaragoza ESP"]
[Date "2010.12.26"]
[Round "3.6"]
[White "Villuendas Valero, Adrian"]
[Black "Adla, Diego"]
[Result "1/2-1/2"]
[WhiteElo "2269"]
[BlackElo "2511"]
[PlyCount "60"]
[EventDate "2010.12.23"]
[EventRounds "9"]
[EventCountry "ESP"]
[Source "lmi"]
[SourceDate "2010.12.23"]

1. d4 g6 2. e4 c5 3. Nf3 Bg7 4. dxc5 Qa5+ 5. c3 Qxc5 6. Be3 Qc6 7. Nbd2 b6 8.
Bc4 Qc7 9. Qb3 e6 10. Nd4 Nc6 11. Be2 Nf6 12. Nb5 Qb8 13. Nc4 O-O 14. Nbd6 Na5
15. Qa3 Nxc4 16. Bxc4 Nxe4 17. Nxe4 d5 18. Bxd5 exd5 19. Nd2 a5 20. O-O Be6 21.
Nf3 b5 22. Bd4 b4 23. cxb4 Qxb4 24. Qxb4 axb4 25. a4 bxa3 26. Rxa3 Rab8 27. Bc5
Rfd8 28. b4 d4 29. Rd1 Bg4 30. h3 Bxf3 1/2-1/2

[Event "4. Open Stadium Casablanca"]
[Site "Zaragoza ESP"]
[Date "2010.12.26"]
[Round "3.7"]
[White "Cifuentes Parada, Roberto"]
[Black "Accattato Martin, Mario"]
[Result "1-0"]
[WhiteElo "2508"]
[BlackElo "2129"]
[PlyCount "33"]
[EventDate "2010.12.23"]
[EventRounds "9"]
[EventCountry "ESP"]
[Source "lmi"]
[SourceDate "2010.12.23"]

1. d4 d5 2. c4 c6 3. Nf3 Nf6 4. e3 g6 5. Nc3 Bg7 6. Bd3 O-O 7. O-O dxc4 8. Bxc4
Bg4 9. Be2 Nbd7 10. e4 Bxf3 11. Bxf3 e5 12. d5 Nb6 13. Qb3 Qc7 14. Rd1 Rfd8 15.
Be3 cxd5 16. exd5 Nc4 17. Nb5 1-0

[Event "4. Open Stadium Casablanca"]
[Site "Zaragoza ESP"]
[Date "2010.12.26"]
[Round "3.8"]
[White "Lamas Mercadal, Manuel"]
[Black "Garza Marco, Sergio"]
[Result "0-1"]
[WhiteElo "2181"]
[BlackElo "2442"]
[PlyCount "76"]
[EventDate "2010.12.23"]
[EventRounds "9"]
[EventCountry "ESP"]
[Source "lmi"]
[SourceDate "2010.12.23"]

1. e4 d6 2. Nc3 Nf6 3. d4 g6 4. Nf3 Bg7 5. Be3 c6 6. Qd2 Qa5 7. Bd3 O-O 8. Bh6
Bg4 9. Bxg7 Kxg7 10. O-O-O Nbd7 11. Qe3 e5 12. dxe5 dxe5 13. h3 Bxf3 14. Qxf3
b5 15. Kb1 Nc5 16. Qe3 Ne6 17. Ne2 c5 18. c4 bxc4 19. Bxc4 Nd4 20. Qg5 Qb4 21.
Nxd4 exd4 22. Rc1 Nxe4 23. Qe5+ Nf6 24. g4 Rae8 25. Qf4 d3 26. g5 Ne4 27. Rhd1
d2 28. Rc2 Qb8 29. Qxb8 Rxb8 30. h4 Nxf2 31. Rdxd2 Ne4 32. Rd7 Rbd8 33. Rxd8
Rxd8 34. Kc1 Rd4 35. Bb3 a5 36. a3 f6 37. gxf6+ Kxf6 38. Rc3 Nxc3 0-1

[Event "4. Open Stadium Casablanca"]
[Site "Zaragoza ESP"]
[Date "2010.12.26"]
[Round "3.9"]
[White "Antoli Royo, Joaquin Miguel"]
[Black "Du Plessis, Heinco"]
[Result "1-0"]
[WhiteElo "2439"]
[BlackElo "2116"]
[PlyCount "93"]
[EventDate "2010.12.23"]
[EventRounds "9"]
[EventCountry "ESP"]
[Source "lmi"]
[SourceDate "2010.12.23"]

1. d4 d5 2. c4 c6 3. Nf3 Nf6 4. Qc2 g6 5. Bf4 Bg7 6. e3 O-O 7. Bd3 Na6 8. a3 c5
9. O-O dxc4 10. Bxc4 Nh5 11. Be5 Bxe5 12. dxe5 Bf5 13. Qb3 Qb6 14. Qxb6 axb6
15. Nc3 Nc7 16. h3 Ng7 17. Rfd1 Rad8 18. Ng5 Nge6 19. Nxe6 Bxe6 20. Bxe6 fxe6
21. Na4 Nd5 22. e4 Nf4 23. Nxb6 Nd3 24. Rd2 Nxe5 25. Rad1 Nc6 26. Nd7 Rf4 27.
Nxc5 Rxd2 28. Rxd2 e5 29. f3 Nd4 30. Nd7 Nc6 31. Rd5 Kf7 32. Nxe5+ Nxe5 33.
Rxe5 Rf6 34. Rb5 b6 35. Kf2 Rc6 36. Ke3 Ke6 37. Kd4 Kd6 38. f4 Kc7 39. Rb3 Kd7
40. Rc3 Rd6+ 41. Kc4 Kc7 42. Rd3 Rc6+ 43. Kb5 Rf6 44. g3 g5 45. f5 Rh6 46. g4
e6 47. e5 1-0